National emissions reduction plan for large combustion plant (Record no. 73145)
[ view plain ]
| 000 -LEADER | |
|---|---|
| fixed length control field | 01156cam a2200217 4500 |
| 001 - CONTROL NUMBER | |
| control field | WB3929-08 |
| 008 - FIXED-LENGTH DATA ELEMENTS--GENERAL INFORMATION | |
| fixed length control field | 030731n2003 000 0 eng u |
| 035 ## - SYSTEM CONTROL NUMBER | |
| System control number | (Sirsi) u123166 |
| 245 ## - TITLE STATEMENT | |
| Title | National emissions reduction plan for large combustion plant |
| 260 ## - PUBLICATION, DISTRIBUTION, ETC. | |
| Date of publication, distribution, etc. | 2003 |
| 490 ## - SERIES STATEMENT | |
| Series statement | Environmental Information Bulletin |
| Volume/sequential designation | (132) August/September 2003 |
| 520 ## - SUMMARY, ETC. | |
| Summary, etc. | A scheme is proposed by the government to adopt a national emissions reduction plan. This is underpinned by an emissions trading scheme to implement the revised large combustion plant Directive (01/80/EC). A consultation document was issued at the end of June by DEFRA which covers England, Wales and Northern Ireland. The directive supersedes Directive 88/609/EEC and takes into account advances in combustion and abatement technologies. For the consultation: http://www.defra.gov.uk/corporate/consult/current.htm |
| 590 ## - LOCAL NOTE (RLIN) | |
| Local note | WB |
| 650 ## - SUBJECT ADDED ENTRY--TOPICAL TERM | |
| Topical term or geographic name entry element | NATIONAL EMISSIONS REDUCTION PLAN |
| 650 ## - SUBJECT ADDED ENTRY--TOPICAL TERM | |
| Topical term or geographic name entry element | DIRECTIVE 01/80/EC |
| 650 ## - SUBJECT ADDED ENTRY--TOPICAL TERM | |
| Topical term or geographic name entry element | ENVIRONMENT AGENCY |
| 650 ## - SUBJECT ADDED ENTRY--TOPICAL TERM | |
| Topical term or geographic name entry element | DEFRA |
| 650 ## - SUBJECT ADDED ENTRY--TOPICAL TERM | |
| Topical term or geographic name entry element | LCP DIRECTIVE |
| 690 ## - LOCAL SUBJECT ADDED ENTRY--TOPICAL TERM (OCLC, RLIN) | |
| Topical term or geographic name as entry element | ENVIRONMENTAL AND LAND CONSULTANCY-ENVIRONMENTAL MANAGEMENT |
| 942 ## - ADDED ENTRY ELEMENTS (KOHA) | |
| Suppress in OPAC | 0 |
| Withdrawn status | Lost status | Source of classification or shelving scheme | Damaged status | Not for loan | Home library | Current library | Shelving location | Date acquired | Total Checkouts | Full call number | Barcode | Date last seen | Copy number | Price effective from | Koha item type |
|---|---|---|---|---|---|---|---|---|---|---|---|---|---|---|---|
| Dewey Decimal Classification | London | London | News article | 31/07/2003 | WB3929-08 | 123166-1001 | 06/08/2019 | 1 | 06/08/2019 | News article |